书目信息 |
| 题名: |
大寨花开满山红
|
|
| 作者: | 胡惟民 曲 ;黄虎威 配伴奏 | |
| 分册: | ||
| 出版信息: | 北京 人民音乐出版社 1978 |
|
| 页数: | 10页 | |
| 开本: | 26cm | |
| 丛书名: | ||
| 单 册: | ||
| 中图分类: | J647.21 | |
| 科图分类: | ||
| 主题词: | 小提琴-独奏曲--中国--现代 , 独奏曲-小提琴--中国--现代 | |
| 电子资源: | ||
| ISBN: | ||
| 000 | 00711nam0 2200241 45 | |
| 001 | 0178003777 | |
| 005 | 20060529160808.84 | |
| 010 | @dCNY0.25 | |
| 091 | @a8026.3491 | |
| 100 | @a19950724d1978 em y0chiy0121 ea | |
| 101 | 0 | @achi |
| 102 | @aCN@b110000 | |
| 105 | @ag z 000yy | |
| 200 | 10 | @a大寨花开满山红@Ada zhai hua kai man shan hong@e小提琴独奏曲·钢琴伴奏@f胡惟民曲@Fhu wei min qu@g黄虎威配伴奏 |
| 210 | @a北京@c人民音乐出版社@d1978 | |
| 215 | @a10页@d26cm | |
| 606 | @a小提琴-独奏曲@y中国@z现代 | |
| 606 | @a独奏曲-小提琴@y中国@z现代 | |
| 690 | @aJ647.21@v3 | |
| 701 | 0 | @a胡惟民@Ahu wei min@4曲 |
| 702 | 0 | @a黄虎威@Ahuang hu wei@4配伴奏 |
| 801 | 0 | @aCN@bNLC@c20060529 |
| 905 | @dJ647.21@e10 | |
| 大寨花开满山红:小提琴独奏曲·钢琴伴奏/胡惟民曲/黄虎威配伴奏.-北京:人民音乐出版社,1978 |
| 10页;26cm |
| ISBN :CNY0.25 |
| ● |
| 相关链接 |
|
|
|
|
正题名:大寨花开满山红
索取号:J647.21/10
 
预约/预借
| 序号 | 登录号 | 条形码 | 馆藏地/架位号 | 状态 | 备注 |
| 1 | 0002106 | 202388914 | 密集书库/ [索取号:J647.21/10] | 在馆 | |
| 2 | 0002107 | 202376151 | 密集书库/ [索取号:J647.21/10] | 在馆 | |
| 3 | 0002108 | 001229049 | 密集书库/ [索取号:J647.21/10] | 在馆 | |
| 4 | 0002109 | 001229101 | 第一样本阅览室/ [索取号:J647.21/10] | 在馆 | |
| 5 | 0002110 | 001229236 | 第一借阅区/ [索取号:J647.21/10] | 在馆 | |
| 6 | 0002111 | 202376099 | 密集书库/ [索取号:J647.21/10] | 在馆 | |
| 7 | 0002113 | 202388870 | 密集书库/ [索取号:J647.21/10] | 在馆 | |
| 8 | 0002114 | 202376188 | 密集书库/ [索取号:J647.21/10] | 在馆 | |
| 9 | 0002115 | 202388852 | 密集书库/ [索取号:J647.21/10] | 在馆 | |
| 10 | 0002116 | 202388889 | 密集书库/ [索取号:J647.21/10] | 在馆 | |
| 11 | 0002117 | 202388843 | 密集书库/ [索取号:J647.21/10] | 在馆 | |
| 12 | 0002118 | 202388898 | 密集书库/ [索取号:J647.21/10] | 在馆 |